[Event "DVM U20 2020"]
[Site "Willingen GER"]
[Date "2021.06.24"]
[Round "2"]
[White "Wachtel, Arthur"]
[Black "Meyling, Lennart"]
[Result "0-1"]
[Termination "normal"]
[Board "3.3"]
[WhiteElo "1940"]
[BlackElo "2044"]
[WhiteClock "00:16:48"]
[BlackClock "00:14:59"]
[WhiteTeam "Schachfreunde Augsburg"]
[BlackTeam "Hamburger SK von 1830"]
[PlyCount "86"]
[WhiteFideId "12988510"]
[BlackFideId "12947130"]
[EventCountry "GER"]
[EventRounds "7"]
[EventType "team-swiss"]
[EventDate "2021.06.23"]

1. e4 {[%clk 01:30:57]} {[%emt 00:00:02]} d5 {[%clk 01:30:52]} {[%emt
00:00:09]} 2. exd5 {[%clk 01:31:21]} {[%emt 00:00:06]} Qxd5 {[%clk 01:31:13]}
{[%emt 00:00:10]} 3. Nc3 {[%clk 01:31:44]} {[%emt 00:00:07]} Qd6 {[%clk
01:31:34]} {[%emt 00:00:07]} 4. d4 {[%clk 01:31:46]} {[%emt 00:00:29]} Nf6
{[%clk 01:29:28]} {[%emt 00:02:36]} 5. Bc4 {[%clk 01:31:29]} {[%emt 00:00:48]}
a6 {[%clk 01:26:57]} {[%emt 00:03:00]} 6. Bb3 {[%clk 01:31:30]} {[%emt
00:00:29]} g6 {[%clk 01:21:06]} {[%emt 00:06:21]} 7. Nge2 {[%clk 01:28:38]}
{[%emt 00:03:22]} Bg7 {[%clk 01:19:51]} {[%emt 00:01:44]} 8. Bf4 {[%clk
01:28:22]} {[%emt 00:00:45]} Qd8 {[%clk 01:20:16]} {[%emt 00:00:07]} 9. O-O
{[%clk 01:27:54]} {[%emt 00:00:57]} O-O {[%clk 01:16:49]} {[%emt 00:03:58]} 10.
Qd2 {[%clk 01:26:28]} {[%emt 00:01:56]} b6 {[%clk 01:15:22]} {[%emt 00:01:56]}
11. Rad1 {[%clk 01:25:56]} {[%emt 00:01:02]} Bb7 {[%clk 01:13:52]} {[%emt
00:02:01]} 12. Bh6 {[%clk 01:23:07]} {[%emt 00:03:18]} Nc6 {[%clk 01:13:38]}
{[%emt 00:00:45]} 13. Bxg7 {[%clk 01:23:09]} {[%emt 00:00:28]} Kxg7 {[%clk
01:13:57]} {[%emt 00:00:11]} 14. a3 {[%clk 01:22:50]} {[%emt 00:00:48]} Qd6
{[%clk 01:08:58]} {[%emt 00:05:29]} 15. Rfe1 {[%clk 01:14:41]} {[%emt
00:08:37]} Rad8 {[%clk 01:04:11]} {[%emt 00:05:19]} 16. Qe3 {[%clk 01:10:10]}
{[%emt 00:05:01]} Ng4 {[%clk 00:56:24]} {[%emt 00:08:19]} 17. Qf4 {[%clk
01:07:15]} {[%emt 00:03:23]} Qxf4 {[%clk 00:55:57]} {[%emt 00:00:58]} 18. Nxf4
{[%clk 01:07:16]} {[%emt 00:00:29]} Rfe8 {[%clk 00:44:56]} {[%emt 00:11:30]}
19. Nce2 {[%clk 01:00:58]} {[%emt 00:06:47]} e5 {[%clk 00:43:27]} {[%emt
00:02:01]} 20. dxe5 {[%clk 01:01:01]} {[%emt 00:00:27]} Ngxe5 {[%clk 00:30:08]}
{[%emt 00:13:48]} 21. Nc3 {[%clk 00:56:28]} {[%emt 00:05:02]} Nd4 {[%clk
00:29:10]} {[%emt 00:01:30]} 22. Ne6+ fxe6 {[%clk 00:27:12]} 23. Rxe5 {[%clk
00:48:44]} {[%emt 00:00:44]} Nxb3 {[%clk 00:27:35]} {[%emt 00:00:07]} 24. Rxd8
{[%clk 00:48:22]} {[%emt 00:00:51]} Rxd8 {[%clk 00:27:45]} {[%emt 00:00:20]}
25. cxb3 {[%clk 00:48:40]} {[%emt 00:00:13]} Kf6 {[%clk 00:27:31]} {[%emt
00:00:43]} 26. Re1 {[%clk 00:48:33]} {[%emt 00:00:36]} Rd2 {[%clk 00:27:11]}
{[%emt 00:00:52]} 27. Re2 {[%clk 00:48:17]} {[%emt 00:00:46]} Rxe2 {[%clk
00:26:04]} {[%emt 00:01:37]} 28. Nxe2 {[%clk 00:48:46]} {[%emt 00:00:02]} c5
{[%clk 00:25:46]} {[%emt 00:00:47]} 29. Nc3 {[%clk 00:44:26]} {[%emt 00:04:50]}
b5 {[%clk 00:24:51]} {[%emt 00:01:25]} 30. f3 {[%clk 00:41:37]} {[%emt
00:03:19]} Ke5 {[%clk 00:19:36]} {[%emt 00:05:44]} 31. Ne2 {[%clk 00:40:01]}
{[%emt 00:02:06]} Bd5 {[%clk 00:18:47]} {[%emt 00:01:19]} 32. Nc1 {[%clk
00:39:56]} {[%emt 00:00:35]} Kd4 {[%clk 00:18:08]} {[%emt 00:01:10]} 33. Kf2
{[%clk 00:40:20]} {[%emt 00:00:06]} g5 {[%clk 00:16:56]} {[%emt 00:01:42]} 34.
h3 {[%clk 00:39:24]} {[%emt 00:01:25]} e5 {[%clk 00:16:33]} {[%emt 00:00:54]}
35. Ke2 {[%clk 00:33:19]} {[%emt 00:06:35]} e4 {[%clk 00:16:56]} {[%emt
00:00:07]} 36. fxe4 {[%clk 00:33:08]} {[%emt 00:00:41]} Bxe4 {[%clk 00:17:01]}
{[%emt 00:00:24]} 37. Kf2 {[%clk 00:30:53]} {[%emt 00:02:46]} h5 {[%clk
00:16:50]} {[%emt 00:00:42]} 38. g3 {[%clk 00:26:34]} {[%emt 00:04:48]} h4
{[%clk 00:16:14]} {[%emt 00:01:06]} 39. g4 {[%clk 00:26:51]} {[%emt 00:00:14]}
Bd5 {[%clk 00:16:18]} {[%emt 00:00:25]} 40. Ne2+ {[%clk 00:17:53]} {[%emt
00:09:28]} Kd3 {[%clk 00:16:35]} {[%emt 00:00:13]} 41. b4 {[%clk 00:18:11]}
{[%emt 00:00:11]} c4 {[%clk 00:14:48]} {[%emt 00:02:17]} 42. Nc3 {[%clk
00:17:48]} {[%emt 00:00:54]} Bc6 {[%clk 00:14:41]} {[%emt 00:00:37]} 43. Ne2
{[%clk 00:16:48]} {[%emt 00:01:30]} Bb7 {[%clk 00:14:59]} {[%emt 00:00:11]} 0-1

[Event "DVM U20 2020"]
[Site "Willingen GER"]
[Date "2021.06.24"]
[Round "2"]
[White "Rogozenco, Teodora"]
[Black "Gubariev, Yakiv"]
[Result "1/2-1/2"]
[Termination "normal"]
[Board "3.4"]
[WhiteTitle "WFM"]
[WhiteElo "1978"]
[BlackElo "1925"]
[WhiteClock "00:01:18"]
[BlackClock "00:28:00"]
[WhiteTeam "Hamburger SK von 1830"]
[BlackTeam "Schachfreunde Augsburg"]
[PlyCount "52"]
[WhiteFideId "12938084"]
[BlackFideId "16216938"]
[EventCountry "GER"]
[EventRounds "7"]
[EventType "team-swiss"]
[EventDate "2021.06.23"]

1. d4 {[%clk 01:30:56]} {[%emt 00:00:03]} e6 {[%clk 01:30:53]} {[%emt
00:00:09]} 2. c4 {[%clk 01:31:09]} {[%emt 00:00:15]} f5 {[%clk 01:31:14]}
{[%emt 00:00:11]} 3. g3 {[%clk 01:30:11]} {[%emt 00:01:27]} Nf6 {[%clk
01:31:16]} {[%emt 00:00:27]} 4. Bg2 {[%clk 01:30:33]} {[%emt 00:00:08]} Be7
{[%clk 01:31:33]} {[%emt 00:00:13]} 5. Nh3 {[%clk 01:17:20]} {[%emt 00:13:43]}
O-O {[%clk 01:30:07]} {[%emt 00:01:56]} 6. O-O {[%clk 01:16:00]} {[%emt
00:01:50]} d6 {[%clk 01:28:53]} {[%emt 00:01:44]} 7. Nc3 {[%clk 01:11:08]}
{[%emt 00:05:22]} e5 {[%clk 01:24:37]} {[%emt 00:04:47]} 8. dxe5 {[%clk
01:10:16]} {[%emt 00:01:22]} dxe5 {[%clk 01:22:34]} {[%emt 00:02:33]} 9. Qb3
{[%clk 01:10:36]} {[%emt 00:00:10]} c6 {[%clk 01:20:10]} {[%emt 00:02:54]} 10.
Ng5 {[%clk 00:57:37]} {[%emt 00:13:28]} Qe8 {[%clk 01:18:48]} {[%emt 00:01:52]}
11. c5+ {[%clk 00:13:52]} {[%emt 00:44:16]} Kh8 {[%clk 01:19:04]} {[%emt
00:00:14]} 12. Ne6 {[%clk 00:14:13]} {[%emt 00:00:09]} Bxe6 {[%clk 01:19:20]}
{[%emt 00:00:14]} 13. Qxe6 {[%clk 00:14:37]} {[%emt 00:00:05]} Bxc5 {[%clk
01:17:33]} {[%emt 00:02:18]} 14. Qxf5 {[%clk 00:12:24]} {[%emt 00:02:43]} Na6
{[%clk 01:14:07]} {[%emt 00:03:56]} 15. Ne4 {[%clk 00:07:42]} {[%emt 00:05:12]}
Nxe4 {[%clk 01:08:46]} {[%emt 00:05:50]} 16. Qxe4 {[%clk 00:08:09]} {[%emt
00:00:04]} Rd8 {[%clk 01:08:37]} {[%emt 00:00:39]} 17. a3 {[%clk 00:05:48]}
{[%emt 00:02:51]} Qe6 {[%clk 00:55:39]} {[%emt 00:13:27]} 18. Qc2 {[%clk
00:04:43]} {[%emt 00:01:36]} Rd7 {[%clk 00:50:52]} {[%emt 00:05:17]} 19. Be4
{[%clk 00:04:33]} {[%emt 00:00:40]} h6 {[%clk 00:45:59]} {[%emt 00:05:23]} 20.
e3 {[%clk 00:04:36]} {[%emt 00:00:27]} Bb6 {[%clk 00:44:43]} {[%emt 00:01:46]}
21. b4 {[%clk 00:03:21]} {[%emt 00:01:45]} Nc7 {[%clk 00:44:03]} {[%emt
00:01:10]} 22. Bb2 {[%clk 00:03:13]} {[%emt 00:00:38]} Nd5 {[%clk 00:43:54]}
{[%emt 00:00:39]} 23. Rad1 {[%clk 00:02:53]} {[%emt 00:00:50]} Qf6 {[%clk
00:39:41]} {[%emt 00:04:43]} 24. Qe2 {[%clk 00:02:13]} {[%emt 00:01:10]} Qe6
{[%clk 00:31:34]} {[%emt 00:08:36]} 25. Qc2 {[%clk 00:00:53]} {[%emt 00:01:51]}
Qf6 {[%clk 00:27:43]} {[%emt 00:04:20]} 26. Qe2 {[%clk 00:01:18]} {[%emt
00:00:05]} Qe6 {[%clk 00:28:00]} {[%emt 00:00:13]} 1/2-1/2

[Event "DVM U20 2020"]
[Site "Willingen GER"]
[Date "2021.06.24"]
[Round "2"]
[White "McPherson, Elisha"]
[Black "Fuhrmann, Åke"]
[Result "1/2-1/2"]
[Termination "normal"]
[Board "3.5"]
[WhiteElo "1967"]
[BlackElo "1912"]
[WhiteClock "00:35:18"]
[BlackClock "00:58:09"]
[WhiteTeam "Schachfreunde Augsburg"]
[BlackTeam "Hamburger SK von 1830"]
[PlyCount "44"]
[WhiteFideId "16255852"]
[BlackFideId "12983853"]
[EventCountry "GER"]
[EventRounds "7"]
[EventType "team-swiss"]
[EventDate "2021.06.23"]

1. e4 {[%clk 01:30:59]} {[%emt 00:19:17]} c5 {[%clk 01:30:55]} {[%emt
00:00:05]} 2. Nc3 {[%clk 01:31:20]} {[%emt 00:00:09]} d6 {[%clk 01:31:11]}
{[%emt 00:00:14]} 3. g3 {[%clk 01:29:47]} {[%emt 00:02:03]} Nc6 {[%clk
01:31:20]} {[%emt 00:00:20]} 4. Bg2 {[%clk 01:30:08]} {[%emt 00:00:09]} g6
{[%clk 01:31:31]} {[%emt 00:00:19]} 5. d3 {[%clk 01:30:20]} {[%emt 00:00:19]}
Bg7 {[%clk 01:31:46]} {[%emt 00:00:14]} 6. Be3 {[%clk 01:30:33]} {[%emt
00:00:14]} e5 {[%clk 01:31:09]} {[%emt 00:01:10]} 7. Qd2 {[%clk 01:28:58]}
{[%emt 00:02:04]} Nge7 {[%clk 01:31:26]} {[%emt 00:00:12]} 8. Bh6 {[%clk
01:28:26]} {[%emt 00:01:03]} O-O {[%clk 01:31:47]} {[%emt 00:00:11]} 9. h4
{[%clk 01:26:34]} {[%emt 00:02:21]} Bxh6 {[%clk 01:31:58]} {[%emt 00:00:19]}
10. Qxh6 {[%clk 01:26:57]} {[%emt 00:00:07]} f6 {[%clk 01:32:23]} {[%emt
00:00:05]} 11. Qd2 {[%clk 01:11:58]} {[%emt 00:15:30]} Nd4 {[%clk 01:30:15]}
{[%emt 00:02:38]} 12. Nd5 {[%clk 01:09:52]} {[%emt 00:02:37]} Nxd5 {[%clk
01:24:26]} {[%emt 00:06:19]} 13. exd5 {[%clk 01:10:19]} {[%emt 00:00:02]} b5
{[%clk 01:20:50]} {[%emt 00:04:05]} 14. Ne2 {[%clk 01:03:18]} {[%emt 00:07:31]}
Nxe2 {[%clk 01:20:15]} {[%emt 00:01:06]} 15. Qxe2 {[%clk 01:03:43]} {[%emt
00:00:04]} Qa5+ {[%clk 01:17:28]} {[%emt 00:03:15]} 16. c3 {[%clk 00:52:30]}
{[%emt 00:11:45]} b4 {[%clk 01:16:40]} {[%emt 00:01:18]} 17. Qd2 {[%clk
00:52:30]} {[%emt 00:00:30]} bxc3 {[%clk 01:15:22]} {[%emt 00:01:48]} 18. bxc3
{[%clk 00:52:40]} {[%emt 00:00:21]} Bd7 {[%clk 01:10:06]} {[%emt 00:05:45]} 19.
O-O {[%clk 00:44:15]} {[%emt 00:08:56]} Kg7 {[%clk 01:05:19]} {[%emt 00:05:17]}
20. Kh2 {[%clk 00:38:36]} {[%emt 00:06:09]} Rab8 {[%clk 01:02:15]} {[%emt
00:03:33]} 21. Rab1 {[%clk 00:37:24]} {[%emt 00:01:42]} Rb6 {[%clk 00:58:48]}
{[%emt 00:03:58]} 22. Bh3 {[%clk 00:35:18]} {[%emt 00:02:37]} Bxh3 {[%clk
00:58:09]} {[%emt 00:01:08]} 1/2-1/2

[Event "DVM U20 2020"]
[Site "Willingen GER"]
[Date "2021.06.24"]
[Round "2"]
[White "Wolfram, Tom"]
[Black "Vuckovic, Robert"]
[Result "1/2-1/2"]
[Termination "normal"]
[Board "3.6"]
[WhiteElo "1748"]
[BlackElo "1827"]
[WhiteClock "00:07:04"]
[BlackClock "00:02:26"]
[WhiteTeam "Hamburger SK von 1830"]
[BlackTeam "Schachfreunde Augsburg"]
[PlyCount "59"]
[WhiteFideId "16214510"]
[BlackFideId "12998680"]
[EventCountry "GER"]
[EventRounds "7"]
[EventType "team-swiss"]
[EventDate "2021.06.23"]

1. e4 {[%clk 01:30:55]} {[%emt 00:00:04]} c5 {[%clk 01:30:44]} {[%emt
00:00:16]} 2. Nf3 {[%clk 01:30:56]} {[%emt 00:00:31]} Nc6 {[%clk 01:30:23]}
{[%emt 00:00:50]} 3. g3 {[%clk 01:30:39]} {[%emt 00:00:46]} g6 {[%clk
01:28:19]} {[%emt 00:02:35]} 4. Bg2 {[%clk 01:30:16]} {[%emt 00:00:53]} Bg7
{[%clk 01:28:05]} {[%emt 00:00:45]} 5. O-O {[%clk 01:30:02]} {[%emt 00:00:42]}
d6 {[%clk 01:27:51]} {[%emt 00:00:45]} 6. c3 {[%clk 01:28:55]} {[%emt
00:01:37]} Nf6 {[%clk 01:22:09]} {[%emt 00:06:11]} 7. Re1 {[%clk 01:25:48]}
{[%emt 00:03:37]} O-O {[%clk 01:21:15]} {[%emt 00:01:24]} 8. d4 {[%clk
01:23:05]} {[%emt 00:03:12]} e5 {[%clk 01:05:30]} {[%emt 00:16:16]} 9. Na3
{[%clk 01:13:53]} {[%emt 00:09:42]} Bg4 {[%clk 01:01:05]} {[%emt 00:04:54]} 10.
dxc5 {[%clk 01:04:42]} {[%emt 00:09:41]} dxc5 {[%clk 01:00:27]} {[%emt
00:01:08]} 11. Qc2 {[%clk 00:52:19]} {[%emt 00:12:53]} Qc8 {[%clk 00:57:56]}
{[%emt 00:03:01]} 12. Nc4 {[%clk 00:50:49]} {[%emt 00:02:00]} Qe6 {[%clk
00:57:11]} {[%emt 00:01:15]} 13. Ne3 {[%clk 00:49:23]} {[%emt 00:01:55]} Bxf3
{[%clk 00:55:28]} {[%emt 00:02:14]} 14. Bxf3 {[%clk 00:49:43]} {[%emt
00:00:10]} Rad8 {[%clk 00:50:15]} {[%emt 00:05:42]} 15. Be2 {[%clk 00:42:50]}
{[%emt 00:07:23]} Rd7 {[%clk 00:38:06]} {[%emt 00:12:39]} 16. Bc4 {[%clk
00:40:50]} {[%emt 00:02:29]} Qe7 {[%clk 00:33:26]} {[%emt 00:05:11]} 17. a4
{[%clk 00:38:36]} {[%emt 00:02:44]} Na5 {[%clk 00:28:38]} {[%emt 00:05:19]} 18.
b3 {[%clk 00:33:41]} {[%emt 00:05:24]} Rfd8 {[%clk 00:21:25]} {[%emt 00:07:43]}
19. Nd5 {[%clk 00:25:46]} {[%emt 00:08:26]} Nxd5 {[%clk 00:17:55]} {[%emt
00:04:00]} 20. Bxd5 {[%clk 00:26:03]} {[%emt 00:00:12]} Qf6 {[%clk 00:11:25]}
{[%emt 00:06:59]} 21. Kg2 {[%clk 00:22:21]} {[%emt 00:04:12]} Kh8 {[%clk
00:08:02]} {[%emt 00:03:53]} 22. Ba3 {[%clk 00:13:35]} {[%emt 00:09:16]} b6
{[%clk 00:06:11]} {[%emt 00:02:23]} 23. Rad1 {[%clk 00:12:37]} {[%emt
00:01:27]} Nc6 {[%clk 00:05:13]} {[%emt 00:01:27]} 24. Re3 {[%clk 00:10:46]}
{[%emt 00:02:22]} h5 {[%clk 00:03:52]} {[%emt 00:01:51]} 25. Red3 {[%clk
00:09:57]} {[%emt 00:01:18]} Ne7 {[%clk 00:02:01]} {[%emt 00:02:22]} 26. Rf3
{[%clk 00:08:34]} {[%emt 00:01:53]} Nxd5 {[%clk 00:01:13]} {[%emt 00:01:20]}
27. Rxf6 {[%clk 00:08:21]} {[%emt 00:00:42]} Nxf6 {[%clk 00:01:42]} {[%emt
00:00:02]} 28. Rxd7 {[%clk 00:07:55]} {[%emt 00:00:56]} Rxd7 {[%clk 00:02:10]}
{[%emt 00:00:01]} 29. Qe2 {[%clk 00:07:04]} {[%emt 00:01:20]} Bh6 {[%clk
00:02:26]} {[%emt 00:00:14]} 30. a5 {[%emt 00:02:40]} 1/2-1/2

[Event "DVM U20 2020"]
[Site "Willingen GER"]
[Date "2021.06.24"]
[Round "2"]
[White "Knüdel, Torben"]
[Black "Stelmaszyk, Nico"]
[Result "1/2-1/2"]
[Termination "normal"]
[Board "4.1"]
[BlackTitle "FM"]
[WhiteElo "2204"]
[BlackElo "2299"]
[WhiteClock "00:47:43"]
[BlackClock "01:01:42"]
[WhiteTeam "Post SV Uelzen"]
[BlackTeam "SK Lehrte von 1919 e. V."]
[PlyCount "58"]
[WhiteFideId "16208820"]
[BlackFideId "16200462"]
[EventCountry "GER"]
[EventRounds "7"]
[EventType "team-swiss"]
[EventDate "2021.06.23"]

1. e4 {[%clk 01:30:57]} {[%emt 00:00:03]} c5 {[%clk 01:30:55]} {[%emt
00:00:05]} 2. Nf3 {[%clk 01:31:25]} {[%emt 00:00:03]} Nc6 {[%clk 01:31:20]}
{[%emt 00:00:06]} 3. Nc3 {[%clk 01:31:52]} {[%emt 00:00:02]} e5 {[%clk
01:31:39]} {[%emt 00:00:12]} 4. Bc4 {[%clk 01:32:17]} {[%emt 00:00:03]} d6
{[%clk 01:31:44]} {[%emt 00:00:26]} 5. d3 {[%clk 01:32:43]} {[%emt 00:00:04]}
Be7 {[%clk 01:32:03]} {[%emt 00:00:11]} 6. O-O {[%clk 01:33:09]} {[%emt
00:00:05]} Nf6 {[%clk 01:32:28]} {[%emt 00:00:04]} 7. Ng5 {[%clk 01:32:48]}
{[%emt 00:00:52]} O-O {[%clk 01:32:36]} {[%emt 00:00:21]} 8. f4 {[%clk
01:32:34]} {[%emt 00:00:44]} Bg4 {[%clk 01:33:00]} {[%emt 00:00:06]} 9. Qe1
{[%clk 01:32:50]} {[%emt 00:00:13]} exf4 {[%clk 01:33:06]} {[%emt 00:00:24]}
10. Bxf4 {[%clk 01:30:24]} {[%emt 00:02:56]} Nd4 {[%clk 01:33:30]} {[%emt
00:00:06]} 11. Qf2 {[%clk 01:29:11]} {[%emt 00:01:42]} h6 {[%clk 01:33:49]}
{[%emt 00:00:14]} 12. Nf3 {[%clk 01:28:40]} {[%emt 00:01:00]} Nxf3+ {[%clk
01:34:12]} {[%emt 00:00:06]} 13. gxf3 {[%clk 01:29:07]} {[%emt 00:00:04]} Bh3
{[%clk 01:34:33]} {[%emt 00:00:09]} 14. Qg3 {[%clk 01:28:46]} {[%emt 00:00:50]}
Bxf1 {[%clk 01:34:56]} {[%emt 00:00:07]} 15. Bxh6 {[%clk 01:29:06]} {[%emt
00:00:10]} Nh5 {[%clk 01:35:13]} {[%emt 00:00:14]} 16. Qg4 {[%clk 01:29:24]}
{[%emt 00:00:11]} Qc8 {[%clk 01:35:40]} {[%emt 00:00:04]} 17. Rxf1 {[%clk
01:29:47]} {[%emt 00:00:07]} Qxg4+ {[%clk 01:35:04]} {[%emt 00:01:06]} 18. fxg4
{[%clk 01:30:14]} {[%emt 00:00:02]} gxh6 {[%clk 01:35:15]} {[%emt 00:00:19]}
19. gxh5 {[%clk 01:30:39]} {[%emt 00:00:05]} a6 {[%clk 01:26:47]} {[%emt
00:08:58]} 20. Kg2 {[%clk 01:23:41]} {[%emt 00:07:28]} b5 {[%clk 01:23:50]}
{[%emt 00:03:27]} 21. Bd5 {[%clk 01:22:57]} {[%emt 00:01:14]} Ra7 {[%clk
01:24:00]} {[%emt 00:00:20]} 22. Ne2 {[%clk 01:21:21]} {[%emt 00:02:07]} a5
{[%clk 01:17:01]} {[%emt 00:07:28]} 23. Kh3 {[%clk 01:13:37]} {[%emt 00:08:14]}
Kh7 {[%clk 01:06:54]} {[%emt 00:10:37]} 24. Ng3 {[%clk 01:09:27]} {[%emt
00:04:40]} b4 {[%clk 01:04:37]} {[%emt 00:02:47]} 25. Nf5 {[%clk 00:59:25]}
{[%emt 00:10:31]} Rd7 {[%clk 01:00:33]} {[%emt 00:04:35]} 26. Bc6 {[%clk
00:56:50]} {[%emt 00:03:05]} Rc7 {[%clk 01:00:56]} {[%emt 00:00:07]} 27. Bd5
{[%clk 00:57:13]} {[%emt 00:00:07]} Rd7 {[%clk 01:01:18]} {[%emt 00:00:08]} 28.
Bc6 {[%clk 00:47:17]} {[%emt 00:10:26]} Rc7 {[%clk 01:01:42]} {[%emt 00:00:07]}
29. Bd5 {[%clk 00:47:43]} {[%emt 00:00:03]} Rd7 1/2-1/2